=LDR 00000nam 2200000 4500 =001 INLIS000000000031289 =005 20130612133352 =008 ***********************************ind** =035 ##$$0010-061300000031289 =041 ##$$a ind =082 ##$$a 720. 9 =090 ##$$a 720. 9 , Pan m =100 ##$$a Pangarsa,Galih Widjil =245 ##$$a Meraih putih arsitektur nusntara, Galih Widjil Pangarsa =260 ##$$a 2006 $b Yogyakarta =300 ##$$a vi, 141 hlm. , ilus., 23 cm =650 ##$$a Arsitektur Nusantara =850 ##$$a NBPNMAT